U.S. States by Commute Time - Statistics

General Stats
  • This quiz has been taken 30 times
    19 since last reset
  • The average score is 17 of 22
Answer Stats
Minutes State % Correct
60.4 California
94%
64.8 New Jersey
94%
68 New York
94%
51.4 Arizona
88%
51.8 Colorado
88%
56 Florida
88%
58 Georgia
88%
54.4 Pennsylvania
88%
53.4 Texas
88%
53.6 Connecticut
81%
61 Massachusetts
81%
57.4 Virginia
81%
56.8 Washington
81%
58.8 Illinois
75%
66.6 Maryland
75%
55.2 New Hampshire
75%
52.6 Louisiana
69%
50.8 Tennessee
69%
50.4 Alabama
63%
55.2 Hawaii
63%
52.8 Delaware
56%
53 West Virginia
56%
No matching quizzes found
Score Distribution
Percent of People with Each Score
Percentile by Number Answered
Your Score History
You have not taken this quiz since the last reset